000 00345nam a2200121Ia 4500
008 220204s9999 xx 000 0 und d
082 _a051
_bGAM
100 _aGamow, George
245 0 _aOne,two,three..infinity
260 _aThiruvananthapuram
_bState Inst of Languages
_c1961
505 _aTr from Russian by K Gopalakrishnan Nair
942 _cBK
999 _c22849
_d22849